01460nam a22003857a 4500003000500000005001700005008004100022010001000063011001000073035001000083040000900093082001600102100004500118245006300163260003400226300002000260490003600280590004100316590004100357590004100398590004100439590004100480590004200521650003100563650003100594700004900625700005000674710007100724830004300795901000700838942001000845949006600855999001700921952013600938CHAP20220329140139.0971013s1981 r 00010 d a47679 a48651 a52797 cCHAP a674.12bP4700aPérez Olvera, Carmen de la Paz.989896 aEstudio anatómico de la madera de 43 especies tropicales aMéxico, D.F. :bINIF,c1981 a276 p.b: ilus. aINIF. Boletín técnicov; 63 aBATCH-UPDb10c20130110lUCH01h0333 aBATCH-UPDb10c20130110lUCH01h1942 aBATCH-UPDb10c20130410lUCH01h0006 aBATCH-UPDb10c20130410lUCH01h1445 aBATCH-UPDb10c20130914lUCH01h0845 aCONVERSIONb10c20130109lUCH01h132614aMaderaxEstructura.96960714aMaderas tropicales.9696700 aCarmona Valdovinos, Tomás Fernando.9190470 aRogel Gómez, María de los Angeles.9990500 aInstituto Nacional de Investigaciones Forestales. México.9593360 aINIF. Boletín técnicov; 63958610 aBK cLIBRO a674.12 P47bBCcLIBROd33724000140489eLIBROh74726i52797si c47679d47679 00102ddc4052708GRALaBCbBCcPP_GRALd2019-12-31fLIBROl0o674.12 P47p33724000140489r2019-12-31 00:00:00w2019-12-31yLIBRO